000 01249nkm a2200277 i 4500
001 4371
003 ES-MaACL
005 20250901063221.0
007 khrbo
008 070710s1988 sp --- g |001||spa d
100 0 _aAlfonso,
_d1902-1990
_919858
245 1 0 _aRepresentación de "Retrato sobre una barca" de Pedro Zarraluki [
_hFotografía] /
_cAlfonso (sello).
260 _a[S.l. :
_bs.n.],
_c1988.
300 _a3 fot. :
_bb. y n. ;
_c12 x 18 cm.
500 _aDatos basados en invitación.
500 _aIV Premio de Teatro "Margarita Xirgu" de Radio Exterior de España.
518 _aActo organizado por el Ateneo de Madrid en colaboración con Radio Nacional de España y el Instituto de Cooperación Iberoamericana, celebrado en el salón de actos el jueves, 16 de junio de 1988, a las 20:00 h.
600 1 4 _aZarraluki, Pedro.
_9118084
610 2 4 _aAteneo de Madrid-
_xActos culturales-
_y1988-
_vFotografías.
_91903
710 2 _aAteneo de Madrid.
_91875
710 2 _aRadio Nacional de España
_96282
710 2 _aInstituto de Cooperación Iberoamericana.
_94848
852 _aES-MaACL
_jFOT 185/1988
856 4 _uhttp://www.ateneodemadrid.net/biblioteca_digital/imagenes/1988/0185-1988.jpg
_zVer imagen
999 _c4371
_d4371